UM Logo

Booty capitalism: (Record no. 7300)

MARC details
000 -LEADER
fixed length control field 00600nam a22001817a 4500
008 - FIXED-LENGTH DATA ELEMENTS--GENERAL INFORMATION
fixed length control field 170817b xxu||||| |||| 00| 0 eng d
020 ## - INTERNATIONAL STANDARD BOOK NUMBER
International Standard Book Number 971550292x
082 ## - DEWEY DECIMAL CLASSIFICATION NUMBER
Edition number 1998
Classification number DFil 330.0122
Item number H97
100 ## - MAIN ENTRY--PERSONAL NAME
9 (RLIN) 22184
Personal name Hutchcroft, Paul D.
245 ## - TITLE STATEMENT
Title Booty capitalism:
Remainder of title the politics of banking in the Philippines/
Statement of responsibility, etc. Paul D. Hutchcroft.
260 ## - PUBLICATION, DISTRIBUTION, ETC. (IMPRINT)
Place of publication, distribution, etc. Quezon City:
Name of publisher, distributor, etc. ADMU Press,
Date of publication, distribution, etc. c1998.
300 ## - PHYSICAL DESCRIPTION
Extent vii, 278 pages;
Dimensions 23 cm.
500 ## - GENERAL NOTE
General note Include index.
650 #0 - SUBJECT ADDED ENTRY--TOPICAL TERM
9 (RLIN) 22185
Topical term or geographic name as entry element Capitalism - Philippines.
650 #0 - SUBJECT ADDED ENTRY--TOPICAL TERM
9 (RLIN) 22186
Topical term or geographic name as entry element Philippines - Economic conditions.
365 ## - TRADE PRICE
Price type code Php.
Price amount 385.00
942 ## - ADDED ENTRY ELEMENTS (KOHA)
Source of classification or shelving scheme Dewey Decimal Classification
Koha item type Filipiniana
Holdings
Withdrawn status Lost status Source of classification or shelving scheme Damaged status Not for loan Collection code Home library Current library Shelving location Date acquired Source of acquisition Total Checkouts Full call number Barcode Date last seen Date last checked out Copy number Cost, replacement price Price effective from Koha item type
    Dewey Decimal Classification     Filipiniana UM Digos College - LIC UM Digos College - LIC Book Cart 10/28/2003 Purchased 1 DFil 330.0122 H97 1998 16243 04/03/2024 03/26/2024 1 385.00 08/17/2017 Filipiniana
    Dewey Decimal Classification     Filipiniana UM Digos College - LIC UM Digos College - LIC   07/02/2004 Purchased   DFil 330.0122 H97 1998 17376 05/15/2025   2 385.00 08/17/2017 Filipiniana